|
|
|
|
| LEADER |
00839cam a2200241 7i4500 |
| 001 |
0000034263 |
| 005 |
20170428090000.0 |
| 007 |
##ta |
| 008 |
170428t20162016my ao e o000 0 eng |
| 020 |
# |
# |
|a 9789833196449
|
| 040 |
# |
# |
|a MATR
|
| 090 |
0 |
0 |
|a MAT 621.381522
|b MAL
|
| 245 |
0 |
0 |
|a MALAYSIA EXPORTERS OF LED, SOLAR & RELATED PRODUCTS DIRECTORY.
|
| 264 |
# |
4 |
|a ♭2016.
|
| 264 |
# |
1 |
|a Kuala Lumpur:
|b Malaysia External Trade Development Corporation (MATRADE),
|c 2016.
|
| 300 |
# |
# |
|a xiv, 97 pages:
|b color photographs;
|c 25 cm.
|
| 336 |
# |
# |
|a text
|2 rdacontent
|
| 337 |
# |
# |
|a unmediated
|2 rdamedia
|
| 338 |
# |
# |
|a volume
|2 rdacarrier
|
| 650 |
# |
0 |
|a Light emitting diodes --
|z Malaysia
|
| 650 |
# |
0 |
|a LED lighting --
|z Malaysia
|
| 650 |
# |
0 |
|a Solar lighting --
|z Malaysia
|
| 999 |
|
|
|a 0000038500
|b Directories
|c MATRADEs Collection
|e Business Information Centre
|